Možnosti využitia obnoviteľných zdrojov energie diplomová práca

Guardado en:
Detalles Bibliográficos
Autor principal: Čurná, Nikola
Autor Corporativo: Podnikovohospodárska fakulta EU so sídlom v Košiciach. Katedra manažmentu
Otros Autores: Bosák, Martin, 1967-
Formato: Libro
Lenguaje:eslovaco
Publicado: Košice 2018
Etiquetas: Agregar Etiqueta
Sin Etiquetas, Sea el primero en etiquetar este registro!

MARC

LEADER 00000nbm a2200000 4500
001 0244120
005 20181019122745.9
041 0 |a slo 
044 |a SK 
245 1 0 |a Možnosti využitia obnoviteľných zdrojov energie  |b diplomová práca  |c Nikola Čurná ; školiteľ: Martin Bosák 
264 1 |a Košice  |c 2018 
300 |a 66 s. 
100 1 |a Čurná, Nikola 
700 1 |a Bosák, Martin, 1967- 
710 2 |a Podnikovohospodárska fakulta EU so sídlom v Košiciach. Katedra manažmentu